| 000 | 00631nam a2200205Ia 4500 | ||
|---|---|---|---|
| 005 | 20250508150242.0 | ||
| 008 | 008 250505s9999 xx 000 0 eng d | ||
| 037 | _aTextual | ||
| 040 |
_aFEDL _beng _cFEDL |
||
| 041 |
_aeng _2eng |
||
| 084 |
_a025.4, MER _qFEDL |
||
| 100 | _aMerrill William Stetson | ||
| 245 | 0 | _aCode for classifiers: Principles governing the consistent placing of books in a system of classification | |
| 250 | _a2 | ||
| 260 |
_aChicago _bAmerican Library Association _c1939 |
||
| 300 | _axi,177p. | ||
| 650 | _aLibrary Science | ||
| 942 |
_cTEXL _h025.4, MER |
||
| 999 |
_c1322655 _d1322655 |
||